| 000 | nam a22 7a 4500 | ||
|---|---|---|---|
| 999 |
_c331393 _d331393 |
||
| 003 | NUST | ||
| 005 | 20170926153852.0 | ||
| 008 | 170926b xxu||||| |||| 00| 0 eng d | ||
| 040 | _cNUST | ||
| 082 | _a351 | ||
| 100 |
_aNisar,Daniyal, Khan,Imran Naeem, Anum,Khadija, Ahmed,Mirza Zohair, Rehman,Sibgha, & Wahid,Sidra _95014 |
||
| 245 | _aImpact of national security on food security in Asia; an empirical analysis | ||
| 260 |
_aIslamabad _c2016 |
||
| 300 | _a116p | ||
| 942 |
_2ddc _cTH |
||